|
|
|
|
| LEADER |
00000nab a2200000 a 4500 |
| 001 |
vtls008846232 |
| 003 |
SK-MaSNL |
| 005 |
20260426083814.0 |
| 008 |
250505c2006 xo |||||||||||000 b|slo |
| 015 |
|
|
|a SNBRB2006/09
|2 snkbucl
|
| 035 |
|
|
|a (uuid)b1d4461a-4f05-4061-8b97-86cd258c527f
|
| 035 |
|
|
|a urn:nbn:sk:snk-abc0ob
|
| 035 |
|
|
|a (urnnbn)urn:nbn:sk:snk:ar-001d8k
|
| 038 |
|
|
|a SNKBUCL
|
| 040 |
|
|
|a SNKBUCL
|b slo
|c SNKBUCL
|e AACR2
|
| 041 |
0 |
|
|a slo
|
| 044 |
|
|
|a xo
|c SK
|
| 080 |
|
|
|a 681.513.3:061.5
|2 1997
|
| 080 |
|
|
|a 621.313.13
|2 1997
|
| 080 |
|
|
|a 62-526
|2 1997
|
| 080 |
|
|
|a 681.587.7
|2 1997
|
| 245 |
0 |
0 |
|a Servopohony na riešenie vašich aplikácií
|
| 300 |
|
|
|b Fotogr.
|
| 610 |
2 |
7 |
|a ECS Služby (Bratislava, Slovensko)
|2 snkbucl
|9 90192
|
| 650 |
0 |
7 |
|a automatizačná technika
|2 snkbucl
|9 29551
|
| 650 |
0 |
7 |
|a elektrické servopohony
|2 snkbucl
|9 1456695
|
| 650 |
0 |
7 |
|a elektrické servomotory
|2 snkbucl
|9 637150
|
| 651 |
|
7 |
|a Bratislava (Slovensko)
|2 snkbucl
|9 14568
|
| 773 |
0 |
|
|t AT&P journal
|g Roč. XIII, č. 5 (2006), s. 20-21
|x 1335-2237
|
| 850 |
|
|
|a Slovenská národná knižnica
|
| 852 |
|
|
|a Slovenská národná knižnica
|
| 954 |
|
|
|a odborná, vedecká literatúra pôvodná (slovenská)
|2 lita
|
| 958 |
|
|
|a article15
|
| 958 |
|
|
|a OND
|
| 958 |
|
|
|a SK
|
| 958 |
|
|
|a EUIPO
|
| 999 |
|
|
|c 2915243
|d 2917173
|